000 00307nam a2200109Ia 4500
008 200302s9999 xx 000 0 und d
100 _aDavid Phillips and Megumi Yamashita
245 _aDetail in Contemporary Residential Architecture 2
260 _bLaurence King Publishing
260 _c2014
300 _a224
999 _c3700
_d3700